|
|
|
|
| LEADER |
00651naa a2200169 i 4500 |
| 001 |
misc29373 |
| 005 |
20200430141820.0 |
| 008 |
180131s1978 hu o 0|| zxx d |
| 040 |
|
|
|a SZTE Miscellanea Repozitórium
|b hun
|
| 041 |
|
|
|a zxx
|
| 100 |
1 |
|
|a Benkő László
|
| 245 |
1 |
0 |
|a Mondatszerkesztési sajátságok Szenci Molnár Albert naplójában
|h [elektronikus dokumentum] /
|c Benkő László
|
| 260 |
|
|
|c 1978
|
| 300 |
|
|
|a 83-90
|
| 490 |
0 |
|
|a Adattár XVII. századi szellemi mozgalmaink történetéhez
|v 4
|
| 695 |
|
|
|a Mondattan - magyar - 17. sz., Szenczi Molnár Albert
|
| 856 |
4 |
0 |
|u http://misc.bibl.u-szeged.hu/29373/1/ad_004_083-090.pdf
|z Dokumentum-elérés
|